[Event "Bretagne-ch U18"]
[Site "Ploermel"]
[Date "2007.02.14"]
[Round "2"]
[White "Lample, Guillaume"]
[Black "Gourlaouen, Guillaume"]
[Result "1/2-1/2"]
[WhiteElo "1970"]
[BlackElo "2009"]
[PlyCount "53"]
[EventDate "2007.02.13"]
[EventType "tourn"]
[EventRounds "6"]
[EventCountry "FRA"]
[SourceTitle "EXT 2008"]
[Source "ChessBase"]
[SourceDate "2007.11.25"]
[SourceVersion "1"]
[SourceVersionDate "2007.11.25"]
[SourceQuality "1"]

1. Nf3 c5 2. d4 cxd4 3. Nxd4 d5 4. c3 e5 5. Nf3 f6 6. e3 Be6 7. Bb5+ Nc6 8. 0-0 Bc5 9. Nbd2 e4 10. Nd4 Bxd4 11. cxd4 Nge7 12. Qb3 0-0 13. Bxc6 Nxc6 14. Qxb7 Qe8 15. Qb3 Rb8 16. Qd1 Qg6 17. Kh1 Nb4 18. Nb3 Nd3 19. Nc5 Bg4 20. Qd2 Rfc8 21. b3 Nxc5 22. dxc5 Qf5 23. Ba3 h5 24. f4 exf3 25. gxf3 Bxf3+ 26. Kg1 Qg4+ 27. Kf2 1/2-1/2

[Event "Hennebont Grand Prix"]
[Site "Hennebont"]
[Date "2006.08.06"]
[Round "5"]
[White "Entem, Alan"]
[Black "Gourlaouen, Guillaume"]
[Result "1/2-1/2"]
[WhiteElo "2144"]
[BlackElo "2013"]
[PlyCount "79"]
[EventDate "2006.08.05"]
[EventType "swiss"]
[EventRounds "7"]
[EventCountry "FRA"]
[SourceTitle "EXT 2007"]
[Source "ChessBase"]
[SourceDate "2006.11.23"]
[SourceVersion "1"]
[SourceVersionDate "2006.11.23"]
[SourceQuality "1"]

1. e4 c5 2. Nf3 d6 3. d4 cxd4 4. Nxd4 Nf6 5. Nc3 Nc6 6. Bg5 Bd7 7. Qd2 Rc8 8. 0-0-0 Nxd4 9. Qxd4 Qa5 10. Bxf6 gxf6 11. Kb1 Rg8 12. f4 f5 13. e5 e6 14. Be2 Qc5 15. Bf3 Qxd4 16. Rxd4 d5 17. h3 Bc5 18. Rdd1 Be3 19. Ne2 Bb5 20. Nd4 Bd7 21. Ne2 Bb5 22. Rd3 Bxd3 23. cxd3 h5 24. h4 Ke7 25. Rh2 Rc7 26. Bxh5 Rgc8 27. Rh1 Rh8 28. Bf3 f6 29. h5 fxe5 30. fxe5 Rcc8 31. Rh4 Rc6 32. a3 Bg5 33. Rb4 Rb6 34. Rxb6 axb6 35. Kc2 Be3 36. Kb3 Kd7 37. Kc2 Rc8+ 38. Kb3 Rh8 39. Kb4 Kc6 40. a4 1/2-1/2

[Event "FRA-chT4 0506"]
[Site "Bretagne"]
[Date "2006.01.15"]
[Round "4"]
[White "Gourlaouen, Guillaume"]
[Black "Brenneur, Gwendal"]
[Result "1-0"]
[WhiteElo "1720"]
[BlackElo "1530"]
[PlyCount "125"]
[EventDate "2005.10.16"]
[EventType "team"]
[EventRounds "7"]
[EventCountry "FRA"]
[SourceTitle "EXT 2007"]
[Source "ChessBase"]
[SourceDate "2006.11.23"]
[SourceVersion "1"]
[SourceVersionDate "2006.11.23"]
[SourceQuality "1"]

1. d4 d5 2. Nf3 Nf6 3. Bg5 Bg4 4. Ne5 Bf5 5. e3 e6 6. g4 Bg6 7. h4 h6 8. Nxg6 fxg6 9. Bf4 Nbd7 10. Qd3 Kf7 11. Be2 Be7 12. h5 Nf8 13. Nd2 gxh5 14. gxh5 Qd7 15. Nf3 Bd6 16. Bxd6 cxd6 17. 0-0-0 Rc8 18. Nh4 Ne4 19. Rhg1 Qa4 20. Kb1 Rc7 21. Rg2 Ke8 22. Rdg1 Rg8 23. f3 Ng5 24. f4 Ne4 25. Bf3 Qc6 26. Ng6 Nxg6 27. Rxg6 Re7 28. Rxh6 Kd7 29. Bxe4 dxe4 30. Qb3 Rc8 31. Rhg6 Rg8 32. h6 Qc7 33. h7 Rh8 34. Rxg7 Kc6 35. Qc4+ Kb6 36. Qb4+ Kc6 37. Qc4+ Kb6 38. Qxc7+ Rxc7 39. Rxc7 Kxc7 40. Rg7+ Kc6 41. c4 Kb6 42. b4 Kc6 43. a4 a6 44. Kc2 b5 45. axb5+ axb5 46. cxb5+ Kxb5 47. Kc3 Kc6 48. Re7 Kd5 49. Ra7 Kc6 50. Kc4 d5+ 51. Kb3 Kd6 52. Ka4 Rb8 53. Rg7 Rh8 54. b5 Ra8+ 55. Kb4 Rh8 56. Kb3 e5 57. fxe5+ Ke6 58. Rg6+ Kf7 59. Rh6 Kg7 60. Rh3 Kg6 61. Kb4 Kg7 62. Kc5 Kf7 63. Kxd5 1-0